| 000 | 00714cam a2200217 4500 | ||
|---|---|---|---|
| 001 | ABS62686 | ||
| 008 | 000000n2000 000 0 eng u | ||
| 035 | _a(Sirsi) u108018 | ||
| 100 | _aYule, I. | ||
| 245 | _aVerbal remedies | ||
| 260 | _c2000 | ||
| 490 |
_aBuilding _v265(8150) 18 August 2000, 52(1) |
||
| 520 | _aConsiders what can happen if a contractor carries out a variation on the basis of a verbal instruction and the employer's agent then claims that instructions are only valid if in writing. | ||
| 590 | _aABS | ||
| 650 | _aVARIATION | ||
| 650 | _aESTOPPEL | ||
| 650 | _aVERBAL AGREEMENT | ||
| 650 | _aORAL AGREEMENT | ||
| 690 | _aBUILT ENVIRONMENT-BUILDING CONTRACT FORMS | ||
| 942 | _n0 | ||
| 999 |
_c64534 _d64534 |
||